micekings (Record no. 9249)

MARC details
000 -LEADER
fixed length control field 00854nam a22001817a 4500
003 - CONTROL NUMBER IDENTIFIER
control field OSt
005 - DATE AND TIME OF LATEST TRANSACTION
control field 20260318005911.0
008 - FIXED-LENGTH DATA ELEMENTS--GENERAL INFORMATION
fixed length control field 260318b |||||||| |||| 00| 0 eng d
040 ## - CATALOGING SOURCE
Original cataloging agency DWCL GS library
Transcribing agency OC
082 ## - DEWEY DECIMAL CLASSIFICATION NUMBER
Classification number Fic. S856m 2018
100 ## - MAIN ENTRY--PERSONAL NAME
Personal name Stilton, Geronimo
245 ## - TITLE STATEMENT
Title micekings
Remainder of title : the dragon crown
Statement of responsibility, etc. Geronimo Stilton
300 ## - PHYSICAL DESCRIPTION
Extent 113
Other physical details colored illustrations
Dimensions 19cm
520 ## - SUMMARY, ETC.
Summary, etc. In The Dragon Crown (Geronimo Stilton Micekings #7), scaredy-mouse Geronimo Stiltonord must rescue his cousin Trap from Gobbler the Putrid, king of the dragons. To save him, Geronimo must deliver the precious Crown of the Seven Rubies to the dangerous dragon, facing his fears in the icy, adventurous world of the far north.
546 ## - LANGUAGE NOTE
Language note English
700 ## - ADDED ENTRY--PERSONAL NAME
Personal name Geronimo Stilton
942 ## - ADDED ENTRY ELEMENTS (KOHA)
Source of classification or shelving scheme Dewey Decimal Classification
Koha item type Fiction
Classification part Fic. S856m 2018
Suppress in OPAC No
952 ## - LOCATION AND ITEM INFORMATION (KOHA)
--
Holdings
Withdrawn status Lost status Source of classification or shelving scheme Damaged status Not for loan Home library Current library Shelving location Date acquired Total Checkouts Full call number Barcode Date last seen Price effective from Koha item type Uniform Resource Identifier
    Dewey Decimal Classification     Grade School Library Grade School Library Fiction 03/18/2026   Fic. S856m 2018 22938 03/18/2026 03/18/2026 FIC.